Taylor Swift mystery lyrics #41 - Statistics

General Stats
  • This quiz has been taken 75 times
    70 since last reset
  • The average score is 147 of 220
Answer Stats
Answer % Correct
a
100%
I
100%
you
100%
You
100%
the
96%
we
94%
it
92%
me
92%
to
92%
and
90%
And
90%
in
90%
who
90%
be
88%
all
86%
All
86%
is
86%
like
86%
So
86%
that
86%
I'm
84%
love
84%
my
84%
no
84%
No
84%
on
84%
when
84%
for
82%
it's
82%
if
78%
This
78%
but
75%
But
75%
have
75%
of
75%
said
73%
time
73%
with
73%
at
71%
I'll
71%
get
69%
was
69%
I'd
67%
been
65%
I've
65%
never
65%
now
65%
one
65%
up
65%
'cause
63%
out
63%
some
63%
think
63%
mad
61%
best
59%
just
59%
night
57%
Stay
57%
stay
57%
That's
55%
their
53%
always
51%
came
49%
took
49%
because
47%
didn't
47%
loving
47%
quite
47%
should
47%
those
47%
about
45%
gonna
45%
hang
45%
last
45%
life
45%
funny
43%
hanging
43%
Okay
43%
talk
43%
both
41%
else
41%
leave
41%
let's
39%
times
39%
whole
39%
broke
37%
room
37%
football
35%
laughing
35%
only
35%
read
35%
almost
33%
away
33%
given
33%
helmet
33%
sure
33%
wearing
33%
Before
31%
choice
31%
fight
31%
threw
31%
across
29%
phone
29%
pretty
29%
stayed
29%
fears
27%
unresolved
27%
carry
25%
groceries
25%
morning
25%
turn
25%
dreams
24%
hopes
24%
memorize
24%
expecting
22%
dramatic
20%
occurring
20%
problems
20%
takers
20%
dated
16%
self-indulgent
16%
No matching quizzes found
Score Distribution
Percent of People with Each Score
Percentile by Number Answered
Your Score History
You have not taken this quiz since the last reset